Almost Periodic Functions

Αποθηκεύτηκε σε:
Λεπτομέρειες βιβλιογραφικής εγγραφής
Κύριος συγγραφέας: Bohr, Harald August 1887-1951
Μορφή: Βιβλίο
Γλώσσα:English
Δημοσίευση: New York : Chelsea, c1947
Θέματα:
Ετικέτες: Προσθήκη ετικέτας
Δεν υπάρχουν, Καταχωρήστε ετικέτα πρώτοι!

MARC

LEADER 00000nam a2200000 i 4500
001 1/54194
008 941103s1947 eng d
035 |a 1993  |c ΒΙΒΛΙΟΘΗΚΗ  |l 10044925 
035 |a 1995  |c ΠΟΥΡΝΑΡΑΣ 
040 |a GR-MY-UA  |b gre  |e aacr 
041 0 |a eng 
082 0 |a 515.2433 
100 1 |a Bohr, Harald August  |d 1887-1951. 
245 1 0 |a Almost Periodic Functions /  |c by Harald Bohr ; text translated by Harvey Cohn ; appendices translated by F. Steinhardt 
260 |a New York :   |b Chelsea,   |c c1947 
300 |a 113 p.;  |c 24 cm.+ 
500 |a Includes bibliographical references 
650 0 0 |a Almost periodic functions. 
650 0 0 |a Harmonic analysis. 
650 0 0 |a Fourier series. 
852 |a INST  |b SAMOS  |e 19951211  |h 515.2433 BOH  |p 005300004706  |q 005300004706  |t BK  |y 0 
852 |a INST  |b SAMOS  |e 19941103  |h 515.2433 BOH  |p 005300008053  |q 005300008053  |t BK  |y 0 
909 |a Σ  |b 040512 
909 |a Σ  |b 029628